000 00569nam a2200217Ia 4500
003 OSt
005 20221005130434.0
006 a|||||r|||| 00| 0
007 ta
008 221004b |||||||| |||| 00| 0 eng d
024 _a115801
037 _cTextual
040 _aCRL
_cCRL
_beng
041 _2eng
_aeng
100 _aKimil Sung
_9638144
245 0 _aReport of the sixth congress of the workers party of korea on the work of the central committee
260 _c1980
650 _aHISTORY
942 _cTEXL
_2cc
999 _c1057218
_d1057218